000 00887nam a22002177a 4500
003 OSt
005 20251006155841.0
008 240405b ||||| |||| 00| 0 eng d
040 _c0
082 _aDPer 621.381 Ie21 October 2022 v. 37 n. 10
100 _aCheng, Ming.
_eauthor.
_956160
245 _aMagnetic-inductance :
_bconcept, definition and applications /
_cMing Cheng, Wei Qin, Xinkai Zhu, and Zheng Wang.
260 _aNew York ;
_bThe Institute of Electrical and Electronics Engineers, Inc. ,
_cOctober 2022.
300 _aVolume 37, pages 12406-12414 :
_billustration ;
_c28 cm.
500 _aIEEE Transactions on Power Electronics, v. 37, n. 10, pages 12406-12414, October 2022.
700 _aCheng, Ming.
_eauthor.
_956160
700 _aQin, Wei.
_eauthor.
_956161
700 _aZhu, Xinkai.
_eauthor.
_956162
700 _aWang, Zheng.
_eauthor.
_956163
942 _2ddc
_cPER
999 _c20043
_d20043